Vörösmartyová žije? ; Michalko na smrť odsúdený

Podrobná bibliografia
Hlavný autor: Bohúň, Emo, 1899-1959 (Autor)
Médium: Kniha
Jazyk:slovenčina
Fyzický popis:30 s. 8°
Vydavateľské údaje: Trnava G.A. Bežo 1928
Predmet:

MARC

LEADER 00000nam a2200000 a 4500
001 vtls008365073
003 SK-MaSNL
005 20260301075320.0
008 251124s1928 xo slo
015 |a SKSNBA19191938-000820 
035 |a SK01SNKBSKHR20020057290 
035 |a SKM000059753 
040 |a SNK  |b slo  |c SNK  |e AACR2 
041 1 |a slo 
044 |a xo 
080 |a 885.4-3  |2 1981 
100 1 |a Bohúň, Emo,  |d 1899-1959  |4 aut  |9 122827 
245 1 0 |a Vörösmartyová žije? ; Michalko na smrť odsúdený  |c Emo Bohúň 
260 |a Trnava  |b G.A. Bežo  |c 1928  |e Trnava  |f G.A. Bežo 
300 |a 30 s.  |c 8° 
650 0 7 |a slovenské romány  |2 SNK  |9 103163 
655 7 |a umelecká literatúra  |2 SNKPH  |9 60405 
852 |a Slovenská národná knižnica v Martine  |b 10000  |h MS SD 15581 
852 |a Univerzitná knižnica v Bratislave  |b 300000  |h SF 1456 
958 |a OND 
958 |a RK 
958 |a TL 
999 |c 649811  |d 651741 
952 |a SNK  |b SNK  |y PREZ  |7 0  |p 17A0585803  |o snkSD 15581  |i snk6361/58  |0 0  |1 0  |4 0  |d 2008-04-10  |l 0  |r 2025-11-28 00:00:00  |w 2026-02-23